书目信息 |
| 题名: |
腾飞在即
|
|
| 作者: | 于杰 编写 | |
| 分册: | ||
| 出版信息: | 长春 吉林出版集团有限责任公司 2011.03 |
|
| 页数: | 119页 | |
| 开本: | 21cm | |
| 丛书名: | ||
| 单 册: | ||
| 中图分类: | I253.3 , F127.513 | |
| 科图分类: | ||
| 主题词: | 报告文学--中国--现代 , 经济开发区--经济发展--浦东新区--史料 , 经济开发区 , 经济发展 , 报告文学 | |
| 电子资源: | ||
| ISBN: | 978-7-5463-1819-6 | |
| 000 | 00973nam0 22003131 450 | |
| 001 | 004456484 | |
| 005 | 20111228160937.51 | |
| 010 | @a978-7-5463-1819-6@dCNY22.00 | |
| 096 | @aI253.3@byj | |
| 100 | @a20100412d2011 em y0chiy50 ea | |
| 101 | 0 | @achi |
| 102 | @aCN@b220000 | |
| 105 | @ay z 000zy | |
| 200 | 1 | @a腾飞在即@9teng fei zai ji@e开发浦东战略开始实施@f于杰编写 |
| 210 | @a长春@c吉林出版集团有限责任公司@d2011.03 | |
| 215 | @a119页@d21cm | |
| 300 | @a共和国故事 | |
| 330 | @a本书用通俗、富于感染力的文字记录了上海浦东开发建设情况,内容包括决策规划、投资建设、发展变化。 | |
| 517 | 1 | @a开发浦东战略开始实施@9kai fa pu dong zhan lue kai shi shi shi |
| 606 | 0 | @a报告文学@y中国@z现代 |
| 606 | 0 | @a经济开发区@x经济发展@y浦东新区@j史料 |
| 606 | 0 | @a经济开发区 |
| 606 | 0 | @a经济发展 |
| 606 | 0 | @a报告文学 |
| 690 | @aI253.3@v4 | |
| 690 | @aF127.513@v4 | |
| 701 | 0 | @a于杰@9yu jie@4编写 |
| 801 | 0 | @c20111228 |
| 905 | @aZUCC@dI253.3@eY7101@f3 | |
| 腾飞在即:开发浦东战略开始实施/于杰编写.-长春:吉林出版集团有限责任公司,2011.03 |
| 119页;21cm |
| 共和国故事 |
| ISBN 978-7-5463-1819-6:CNY22.00 |
| 本书用通俗、富于感染力的文字记录了上海浦东开发建设情况,内容包括决策规划、投资建设、发展变化。 |
| ● |
| 相关链接 |
|
|
|
正题名:腾飞在即
索取号:I253.3/Y7101
 
预约/预借
| 序号 | 登录号 | 条形码 | 馆藏地/架位号 | 状态 | 备注 |
| 1 | 1184580 | 211845805 | 社科二线400B/400B社科库 24排2列1层/ [索取号:I253.3/Y7101] | 在馆 | |
| 2 | 1184581 | 211845814 | 文学库108/108文学库 68排3列5层/ [索取号:I253.3/Y7101] | 在馆 | |
| 3 | 1184582 | 211845823 | 社科二线400B/400B社科库 24排2列1层/ [索取号:I253.3/Y7101] | 在馆 |